Logo BPK

Biblioteka

Politechniki Koszalińskiej

Kurs fizyki. (Rekord nr 3922)

Szczegóły MARC
000 -ETYKIETA REKORDU
podpole kontrolne o stałej długości 01255nam a2200337 i 4500
001 - NUMER KONTROLNY REKORDU
pole kontrolne bg
003 - IDENTYFIKATOR NUMERU KONTROLNEGO REKORDU
podpole kontrolne BPK
005 - DATA OSTATNIEJ MODYFIKACJI REKORDU
podpole kontrolne 20200506104126.0
008 - POLE O STAŁEJ DŁUGOŚCI - DANE KONTROLNE
podpole kontrolne o stałej długości 971016s1989 pl a f f |001 0 pol
015 ## - NUMER BIBLIOGRAFII NARODOWEJ
Numer bibliografii narodowej PB 1989/5771
020 ## - MIĘDZYNARODOWY ZNORMALIZOWANY NUMER KSIĄŻKI - ISBN
ISBN 8301075295
020 ## - MIĘDZYNARODOWY ZNORMALIZOWANY NUMER KSIĄŻKI - ISBN
ISBN 8301089911
040 ## - ŹRÓDŁO KATALOGOWANIA
Instytucja, która sporządziła opis WA N
Instytucja, która utworzyła rekord BPK
041 1# - KOD JĘZYKA
Kod języka tekstu pol
Kod języka oryginału rus
080 ## - UNIWERSALNA KLASYFIKACJA DZIESIĘTNA - UKD
UKD 53
080 ## - UNIWERSALNA KLASYFIKACJA DZIESIĘTNA - UKD
UKD (075.8)
100 1# - NAZWA OSOBOWA
Nazwa osobowa Savel'ev, Igor' Vladimirovič
245 10 - TYTUŁ/ODPOWIEDZIALNOŚĆ
Tytuł Kurs fizyki.
Oznaczenie części/sekcji dzieła T. 3,
Tytuł części/sekcji dzieła Optyka kwantowa, Fizyka atomowa, Fizyka ciała stałego, Fizyka jądra atomowego i cząstek elementarnych /
Pozostałe elementy strefy tytułu i oznaczenia odpowiedzialności I. W. Sawieliew ; [z ros. tł. Włodzimierz Komar].
246 30 - WARIANT TYTUŁU
Tytuł Optyka kwantowa
246 30 - WARIANT TYTUŁU
Tytuł Fizyka atomowa
246 1# - WARIANT TYTUŁU
Tytuł Fizyka ciała stałego
246 30 - WARIANT TYTUŁU
Tytuł Fizyka jądra atomowego i cząstek elementarnych
246 1# - WARIANT TYTUŁU
Treść wyrażenia wprowadzającego Tyt. oryg.:
Tytuł Kurs obščej fiziki.
Oznaczenie części/sekcji dzieła T. 3,
Tytuł części/sekcji dzieła Kvantovaja optika, Atomnaja fizika, Fizika tverdogo tela, Fizika atomnogo jadra i èlementarnych častic,
Numeracja zeszytu 1982.
260 ## - STREFA ADRESU WYDAWNICZEGO
Miejsce wydania Warszawa :
Nazwa wydawcy/dystrybutora Państ. Wydaw. Naukowe,
Data publikacji, dystrybucji/powstania dokumentu 1989.
300 ## - STREFA OPISU FIZYCZNEGO
Objętość 361, [2] s. :
Inne cechy fizyczne fot., rys., wykr., err. ;
Rozmiary 21 cm.
504 ## - UWAGA DOTYCZĄCA BIBLIOGRAFII
Informacje o bibliografii Indeks.
650 #4 - HASŁO PRZEDMIOTOWE W FORMIE NAZWY OGÓLNEJ LUB JEDNOSTKOWEJ
Nazwa ogólna lub geograficzna Fizyka
Określnik ogólny szkoły wyższe.
655 #4 - TERMIN INDEKSOWY - OKREŚLENIE RODZAJU/FORMY DOKUMENTU
Określenie rodzaju/formy dokumentu Podręczniki akademickie
700 1# - HASŁO DODATKOWE - NAZWA OSOBOWA
Nazwa osobowa Komar, Włodzimierz
Określenie związku między hasłem a opisywanym materiałem Tłumaczenie
942 ## - DODATKOWE ELEMENTY (KOHA)
Schemat klasyfikacji Uniwersalna Klasyfikacja Dziesiętna
Typ dokumentu Książka
Egzemplarze
Wycofany Status egzemplarza Uszkodzony Dostępność Lokalizacja stała Lokalizacja bieżąca Miejsce przechowywania Sygnatura Kod kreskowy Typ dokumentu
      Dostępny Biblioteka Politechniki Koszalińskiej Biblioteka Politechniki Koszalińskiej Wypożyczalnia BG P 39093 01130348 Książka
      Dostępny Biblioteka Politechniki Koszalińskiej Biblioteka Politechniki Koszalińskiej Wypożyczalnia BG P 39094 01130331 Książka
      Dostępny Biblioteka Politechniki Koszalińskiej Biblioteka Politechniki Koszalińskiej Wypożyczalnia BG P 39095 01130324 Książka
© 2023 Biblioteka Politechniki Koszalińskiej :: KOHA